<?xml version="1.0" encoding="UTF-8"?>
<record
    xmlns:xsi="http://www.w3.org/2001/XMLSchema-instance"
    xsi:schemaLocation="http://www.loc.gov/MARC21/slim http://www.loc.gov/standards/marcxml/schema/MARC21slim.xsd"
    xmlns="http://www.loc.gov/MARC21/slim">

  <leader>02577nam a2200325 a 4500</leader>
  <controlfield tag="001">BRCA_4991</controlfield>
  <controlfield tag="005">20190320204907.0</controlfield>
  <controlfield tag="008">281010m17961797mx-######v---#000-0#spa-#</controlfield>
  <datafield tag="041" ind1=" " ind2=" ">
    <subfield code="a">spa</subfield>
  </datafield>
  <datafield tag="044" ind1=" " ind2=" ">
    <subfield code="a">mx</subfield>
  </datafield>
  <datafield tag="084" ind1=" " ind2=" ">
    <subfield code="a">DOC69</subfield>
    <subfield code="b">.B67</subfield>
    <subfield code="c">1797</subfield>
  </datafield>
  <datafield tag="100" ind1="1" ind2=" ">
    <subfield code="a">Borda, Manuel de la</subfield>
    <subfield code="9">12713</subfield>
  </datafield>
  <datafield tag="245" ind1="1" ind2="0">
    <subfield code="a">Documento propiedad de Don Manuel de la Borda</subfield>
    <subfield code="c">Manuel de la Borda ; Matiana Vel&#xE1;squez ; Joaqu&#xED;n Romero Caama&#xF1;o.</subfield>
  </datafield>
  <datafield tag="260" ind1=" " ind2=" ">
    <subfield code="a">M&#xE9;xico</subfield>
    <subfield code="c">1796-1797</subfield>
  </datafield>
  <datafield tag="300" ind1=" " ind2=" ">
    <subfield code="a">[113] fojas, encuadernadas</subfield>
    <subfield code="c">32 x 21 cm.</subfield>
  </datafield>
  <datafield tag="500" ind1=" " ind2=" ">
    <subfield code="a">Documento que contiene varios asuntos firmados y fechados entre 1796 y 1797.</subfield>
  </datafield>
  <datafield tag="500" ind1=" " ind2=" ">
    <subfield code="a">Libro N. 4. Cuenta de Albaceazgo del a&#xF1;o 1797 de Do&#xF1;a Mar&#xED;a Matiana Vel&#xE1;squez y el Se&#xF1;or Manuel de la Borda</subfield>
  </datafield>
  <datafield tag="500" ind1=" " ind2=" ">
    <subfield code="a">El documento contiene la Leyenda DOC.# 229</subfield>
  </datafield>
  <datafield tag="500" ind1=" " ind2=" ">
    <subfield code="a">Estado de conservaci&#xF3;n: contiene  lagunas en gran parte del documento y manchas de acidez a partir de la foja 103.</subfield>
  </datafield>
  <datafield tag="505" ind1="0" ind2=" ">
    <subfield code="a">foja[3-18]: testamentaria de  Don Manuel de la Borda y su Albacea Do&#xF1;a Matiana  Vel&#xE1;squez, instruidos por su cuenta general con Don Joaqu&#xED;n Romero Cama&#xF1;o como Albacea de los dos en prosecuci&#xF3;n  de los anteriores.-- Fojas [19-21]: cuenta y raz&#xF3;n del producto de arrendamientos que han tenido las casas de esa ciudad (M&#xE9;xico) pertenecientes a la testamentaria del se&#xF1;or Don Manuel de la Borda. fechado el 31 de diciembre de 1796.-- Fojas [22-38]: cuenta del cargo recibido de los arrendamientos que rindieron las casas de esa ciudad pertenecientes a la Testamentaria en ese a&#xF1;o y la &#xB4;data&#xB4;  en los gastos erogados para las atenciones de los herederos. Firmado por Jer&#xF3;nimo Deza.-- Fojas [39-43]: cuenta de vestidos y dem&#xE1;s ropa  que se le ha hecho al ni&#xF1;o Jos&#xE9; Manuel de la Borda. Firmado por Mauricio Cervant&#xED;n.-- Fojas [45-48]: liquidaci&#xF3;n  y revisi&#xF3;n de la cuenta que antecede con arreglo a las partidas de que se compone y a los documentos de comprobaci&#xF3;n  a que se refieren, para su gobierno al por mayor.-- Fojas [49-56]: factura de los efectos que se recibieron de la  Hacienda de Santa Rosa del Malpaso. Firmado por Nicol&#xE1;s Zelaya. fojas [57-113] diversos asuntos mas.</subfield>
  </datafield>
  <datafield tag="506" ind1="0" ind2=" ">
    <subfield code="a">Fondo Reservado. Para su consulta es necesario credencial de usuario y carta de motivos.</subfield>
  </datafield>
  <datafield tag="546" ind1=" " ind2=" ">
    <subfield code="a">Texto en: espa&#xF1;ol de finales del siglo XVIII</subfield>
  </datafield>
  <datafield tag="600" ind1="1" ind2="4">
    <subfield code="a">Borda, Manuel de la</subfield>
    <subfield code="x">Historia</subfield>
    <subfield code="9">12714</subfield>
  </datafield>
  <datafield tag="650" ind1="1" ind2="4">
    <subfield code="a">Documentos legales</subfield>
    <subfield code="9">12715</subfield>
  </datafield>
  <datafield tag="651" ind1=" " ind2="4">
    <subfield code="a">M&#xE9;xico</subfield>
    <subfield code="x">Historia</subfield>
    <subfield code="y">Colonia, 1521-1821</subfield>
    <subfield code="9">12461</subfield>
  </datafield>
  <datafield tag="700" ind1="1" ind2=" ">
    <subfield code="a">Vel&#xE1;squez, Matiana</subfield>
    <subfield code="9">12716</subfield>
  </datafield>
  <datafield tag="700" ind1="1" ind2=" ">
    <subfield code="a">Romero Caama&#xF1;o, Joaqu&#xED;n</subfield>
    <subfield code="9">12717</subfield>
  </datafield>
  <datafield tag="902" ind1=" " ind2=" ">
    <subfield code="a">FDH</subfield>
  </datafield>
  <datafield tag="942" ind1=" " ind2=" ">
    <subfield code="2">lcc</subfield>
    <subfield code="c">D</subfield>
  </datafield>
  <datafield tag="999" ind1=" " ind2=" ">
    <subfield code="c">4685</subfield>
    <subfield code="d">4685</subfield>
  </datafield>
  <datafield tag="952" ind1=" " ind2=" ">
    <subfield code="0">0</subfield>
    <subfield code="1">0</subfield>
    <subfield code="4">0</subfield>
    <subfield code="7">0</subfield>
    <subfield code="a">BRCA</subfield>
    <subfield code="b">BRCA</subfield>
    <subfield code="d">2010-10-28</subfield>
    <subfield code="l">0</subfield>
    <subfield code="o">DOC69 .B67 1797</subfield>
    <subfield code="p">5075</subfield>
    <subfield code="r">2019-03-22 00:00:00</subfield>
    <subfield code="w">2019-03-22</subfield>
    <subfield code="y">D</subfield>
  </datafield>
</record>
